Normal view
MARC view
Entry Personal Name
001 - CONTROL NUMBER
- control field: 1235919
003 - CONTROL NUMBER IDENTIFIER
- control field: OSt
005 - DATE AND TIME OF LATEST TRANSACTION
- control field: 20260428164133.0
008 - FIXED-LENGTH DATA ELEMENTS
- fixed length control field: 260428|| aca||aabn | a|a d
040 ## - CATALOGING SOURCE
- Original cataloging agency: OSt
- Transcribing agency: OSt
100 ## - HEADING--PERSONAL NAME
- Personal name: Bhargava, M.L
670 ## - SOURCE DATA FOUND
- Source citation: Work cat.: (OSt)226211: Chopra, P N 104727, Century of Indian National Congress 1885-1985, 1986.
